1287 1246 1844 1739 1739 1763 1866 1096 1875 1811 1208 1361 1166 1333 1866 1412 1404 1816 1822 1879 1532 1186 1021 1249 1167 1598 1553 1190 1468 1271 1901 1486 1341 1553 1856 1723 1073 1785 1192 1993 1094 1735 1550 1365 1449 1351 1319 1655 1139 1824 1639 1382 1455 1809 1201 1006 1391 1943 1667 1959 1945 1466 1147 1925 1328 1282 1294 1680 1832 1396 1290 1329 1144 1623 1579 1927 1892 1787 1513 1326 1459 1808 1274 1503 1978 1139 1302 1950 1740 1257 1153 1842 1577 1083 1339 1931 1018 1552 1227 BCNSPRNW ULIB Ver.6.0+V

เปลี่ยนเป็นภาษาไทย

Change to English
 แสดงรายละเอียดบรรณานุกรม
  กลับหน้าหลัก

Brief Record : Get Marc (ISO 2709) : E-mail record : QR code < ปิดหน้าต่าง
LEADER : 00000nam 2200000uu 4500
001    13399126930
003     ULIB
008    190907s2562||||th 000 0 tha d
020    ^a9786164074187
060    ^aWS135^bว273D
100    ^aวรรษมน จันทรเบญจกุล :บรรณาธิการ และคณะ
245    ^aDRUG-RESISTANT ORGANISMS IN PEDIATRICS DIAGNO OSIS AND TREATMENT
250    ^aพิมพ์ครั้งที่ 1
260    ^aกรุงเทพฯ :^bแอคทีฟพริ้นท์,^c2562
300    ^a288 หน้า;^c26 ซม.
650    ^aDRUG-RESISTANT ORGANISMS
650    ^aPEDIATRICS
945    ^p250^l0^i27626
945    ^p250^l0^i27625
945    ^p250^l0^i27624
945    ^p250^l0^i27623
945    ^p250^l0^i27622
945    ^p250^l0^i28055
945    ^p250^l0^i28056
945    ^p250^l0^i28057
945    ^p250^l0^i28058
945    ^p250^l0^i28059
999    ^aกัณชพร จุลอักษร
รายการนี้ยังไม่มีแท็ก
คุณยังไม่ได้ล็อกอิน คุณสามารถมีกิจกรรมร่วมกับเว็บไซต์ได้ แต่ต้องล็อกอินก่อน ::
  ล็อกอิน

รายการสื่อสารสนเทศ

ลำดับที่ ประเภท เลขเรียก/บาร์โค้ด สถานที่ สถานะ
1. หนังสือสำรอง
หนังสือสำรอง
WS135 ว273D ฉ.1 
  Barcode: 27622
ห้องสมุดวิทยาเขตนครสวรรค์
►หนังสือทั่วไป:l:General Books
บนชั้น
2. วิทยาศาสตร์การแพทย์ และสุขภาพ
วิทยาศาสตร์การแพทย์ และสุขภาพ
WS135 ว273D ฉ.10 
  Barcode: 28059
ห้องสมุดวิทยาเขตนครสวรรค์
►หนังสือทั่วไป:l:General Books
บนชั้น
3. วิทยาศาสตร์การแพทย์ และสุขภาพ
วิทยาศาสตร์การแพทย์ และสุขภาพ
WS135 ว273D ฉ.2 
  Barcode: 27623
ห้องสมุดวิทยาเขตนครสวรรค์
►หนังสือทั่วไป:l:General Books
บนชั้น
4. วิทยาศาสตร์การแพทย์ และสุขภาพ
วิทยาศาสตร์การแพทย์ และสุขภาพ
WS135 ว273D ฉ.3 
  Barcode: 27624
ห้องสมุดวิทยาเขตนครสวรรค์
►หนังสือทั่วไป:l:General Books
บนชั้น
5. วิทยาศาสตร์การแพทย์ และสุขภาพ
วิทยาศาสตร์การแพทย์ และสุขภาพ
WS135 ว273D ฉ.4 
  Barcode: 27625
ห้องสมุดวิทยาเขตนครสวรรค์
►หนังสือทั่วไป:l:General Books
บนชั้น
6. วิทยาศาสตร์การแพทย์ และสุขภาพ
วิทยาศาสตร์การแพทย์ และสุขภาพ
WS135 ว273D ฉ.5 
  Barcode: 27626
ห้องสมุดวิทยาเขตนครสวรรค์
►หนังสือทั่วไป:l:General Books
บนชั้น
7. วิทยาศาสตร์การแพทย์ และสุขภาพ
วิทยาศาสตร์การแพทย์ และสุขภาพ
WS135 ว273D ฉ.6 
  Barcode: 28055
ห้องสมุดวิทยาเขตนครสวรรค์
►หนังสือทั่วไป:l:General Books
บนชั้น
8. วิทยาศาสตร์การแพทย์ และสุขภาพ
วิทยาศาสตร์การแพทย์ และสุขภาพ
WS135 ว273D ฉ.7 
  Barcode: 28056
ห้องสมุดวิทยาเขตนครสวรรค์
►หนังสือทั่วไป:l:General Books
บนชั้น
9. วิทยาศาสตร์การแพทย์ และสุขภาพ
วิทยาศาสตร์การแพทย์ และสุขภาพ
WS135 ว273D ฉ.8 
  Barcode: 28057
ห้องสมุดวิทยาเขตนครสวรรค์
►หนังสือทั่วไป:l:General Books
บนชั้น
10. วิทยาศาสตร์การแพทย์ และสุขภาพ
วิทยาศาสตร์การแพทย์ และสุขภาพ
WS135 ว273D ฉ.9 
  Barcode: 28058
ห้องสมุดวิทยาเขตนครสวรรค์
►หนังสือทั่วไป:l:General Books
บนชั้น

รายการใกล้เคียง
    ชื่อเรื่อง [DRUG-RESISTANT ORGANISMS IN PEDIATRICS DIAGNO OSIS AND TREATMENT]

    ผู้แต่ง [วรรษมน จันทรเบญจกุล :บรรณาธิการ และคณะ]

    หัวเรื่อง [DRUG-RESISTANT ORGANISMS]
    หัวเรื่อง [PEDIATRICS]

BibComment


ยังไม่เคยถูกคอมเมนท์

คอมเมนท์ทรัพยากรรายการนี้
  คอมเมนท์: DRUGRESISTANT OR..


 Copyright 2026. Bcnsprnw @Library